Effects of chronic alcohol ingestion on myocardial lipid and fatty acid composition in adult turkeys

STUDY OBJECTIVE: The aim was determine whether alcohol induced left ventricular dilatation and myocardial lesions in turkeys are associated with changes in the phospholipid and fatty acid compositions of the cardiac tissue. DESIGN: Triglyceride, phospholipid, and cholesterol concentrations and the f...

Teljes leírás

Elmentve itt :
Bibliográfiai részletek
Szerzők: Soós I.
Facskó Andrea
Édes István
Kiss Éva
Csanády Miklós
Dokumentumtípus: Cikk
Megjelent: 1991
Sorozat:CARDIOVASCULAR RESEARCH 25 No. 11
Tárgyszavak:
doi:10.1093/cvr/25.11.881

mtmt:1401946
Online Access:http://publicatio.bibl.u-szeged.hu/32410
LEADER 02878nab a2200289 i 4500
001 publ32410
005 20250404130441.0
008 250404s1991 hu o 000 eng d
022 |a 0008-6363 
024 7 |a 10.1093/cvr/25.11.881  |2 doi 
024 7 |a 1401946  |2 mtmt 
040 |a SZTE Publicatio Repozitórium  |b hun 
041 |a eng 
100 1 |a Soós I. 
245 1 0 |a Effects of chronic alcohol ingestion on myocardial lipid and fatty acid composition in adult turkeys  |h [elektronikus dokumentum] /  |c  Soós I. 
260 |c 1991 
300 |a 881-884 
490 0 |a CARDIOVASCULAR RESEARCH  |v 25 No. 11 
520 3 |a STUDY OBJECTIVE: The aim was determine whether alcohol induced left ventricular dilatation and myocardial lesions in turkeys are associated with changes in the phospholipid and fatty acid compositions of the cardiac tissue. DESIGN: Triglyceride, phospholipid, and cholesterol concentrations and the fatty acid compositions of phospholipids and triglycerides were measured in the myocardium of control and alcohol fed turkeys. Tissue samples were taken from the anteroapical wall of the left ventricle. SUBJECTS: Seven week old domestic Nicholas turkeys were used (10 controls and 10 ethanol fed); the alcohol, comprising more than 20% of the dietary energy, was given in the drinking water for 16 weeks. MEASUREMENTS AND MAIN RESULTS: Left ventricular function was assessed by echocardiography at the end of the treatment. Different phospholipid fractions were isolated by two dimensional thin layer chromatography, and individual fatty acids were identified by gas chromatography. Non-invasive evaluation of the cardiac function revealed a dilatation of the left ventricle and an impaired contractile function in the alcoholic birds. Increased amounts of triglyceride, phosphatidylinositol, sphingomyelin, lysophosphatidylcholine, and lysophosphatidylethanolamine were found in the left ventricle of the alcoholic turkeys. Examination of the fatty acid compositions of different phospholipids and the triglyceride fraction revealed an increase in the saturated/unsaturated ratio following ethanol treatment. In the phospholipid fractions of the alcoholic birds the arachidonic acid (20:4n-6) content was significantly decreased as were the linolic (18:1) and linoleic (18:2n-6) acid contents in the triglycerides. CONCLUSIONS: These alterations in the myocardial phospholipid and fatty acid compositions may contribute to the electrophysiological and functional derangements of the left ventricle in alcoholic cardiomyopathy. 
650 4 |a Biológiai tudományok 
650 4 |a Általános orvostudomány 
650 4 |a Klinikai orvostan 
700 0 1 |a Facskó Andrea  |e aut 
700 0 1 |a Édes István  |e aut 
700 0 1 |a Kiss Éva  |e aut 
700 0 1 |a Csanády Miklós  |e aut 
856 4 0 |u http://publicatio.bibl.u-szeged.hu/32410/1/aok_klny_726_91.pdf  |z Dokumentum-elérés